Born in Helsingborg - Statistics

General Stats
  • This quiz has been taken 7 times
    5 since last reset
  • The average score is 5 of 10
Answer Stats
Hint Answer % Correct
Former footballer who played for Barcelona, Celtic, Feyenoord, Helsingborg and the Swedish national team 1971 Henrik Larsson
75%
Singer, "Talking Body" "Habits" "Heroes" 1987 Tove Lo
75%
Minister of Foreign Affairs from 2019 to 2022 1961 Ann Linde
50%
Former footballer who played for Rosengård, Linköping, PSG, Lyon and the Swedish women's national team (she is the most capped player in Europe) 1985 Caroline Seger
50%
Former Formula One racing driver who competed for Lotus and died aged 29 from testicular cancer 1948 Gunnar Nilsson
50%
Former footballer who played for Helsingborg, IFK Göteborg, Sheffield Wednesday and the Swedish national team 1963 Roland Nilsson
50%
Founder of Tetra Pak 1895 Ruben Rausing
50%
Ice hocey defenceman who plays for the Boston Bruins 1994 Hampus Lindholm
25%
American politician and Governor of Vermont from 1955 to 1959 1893 Joseph B. Johnson
25%
Writer and illustrator of children's books best known for his series "Pettson and Findus" 1946 Sven Nordqvist
25%
No matching quizzes found
Score Distribution
Percent of People with Each Score
Percentile by Number Answered
Your Score History
You have not taken this quiz since the last reset